| 000 | 00655nam a22002177a 4500 | ||
|---|---|---|---|
| 003 | KOHA_MİRAKIL | ||
| 005 | 20260601113352.0 | ||
| 008 | 260601b tu ||||| |||| 00| 0 tur d | ||
| 040 |
_aTR-AnABB _bfre _cTR-AnABB |
||
| 041 | _atur | ||
| 082 |
_a364.106 6 _bBAU 1998 |
||
| 100 | 1 | _aBauer, Alain | |
| 245 | 1 | 0 |
_aViolences et insecurite urbaines / _cAlain Bauer, Xavier Raufer |
| 250 | _aDüzenlenmiş 2. baskı | ||
| 260 |
_aParis : _bPresses Universitaires de France, _c1998 |
||
| 300 |
_a127 sayfa ; _c18 cm |
||
| 650 | 0 | 4 | _aKent suçları |
| 650 | 0 | 4 | _aŞehir güvenliği |
| 700 | 1 |
_aRaufer, Xavier _93636 |
|
| 942 |
_2ddc _cBK |
||
| 999 |
_c10390 _d10390 |
||
| 900 | _bCan ÇELIK | ||